000 00473nam a2200181Ia 4500
005 20250326125640.0
008 250326s9999 xx 000 0 und d
037 _aTextbook
040 _aFMSL
_beng
_cFMSL
041 _aeng
_2eng
084 _aX:8.2 L1;2
_qFMSL
100 _aBasu K S
_9335539
245 0 _aManagement scene
_cBasu K S
260 _aBombay
_bBombay, Sindhu
_c1971
300 _a57p
942 _cTB
_hX:8.2 L1;2
999 _c1278945
_d1278945